000 00492nam a2200133Ia 4500
008 151213s9999 xx 000 0 und d
100 _aঔড়যহ চৎবংং
245 _aঞযব ঈযবয়ঁবৎ'ফ ঝযধফব
_cঔড়যহ চৎবংং
260 _aখড়হফড়হ
_bঙীভড়ৎফ টহরাবৎংরঃু চৎবংং
_c1963
300 _a4615 p.
650 _aBangla
700 _aঔড়যহ চৎবংং
999 _c2973
_d2973